| 000 | 00373nam a2200157Ia 4500 | ||
|---|---|---|---|
| 003 | Ost | ||
| 005 | 20260225132548.0 | ||
| 008 | 260225s9999||||xx |||||||||||||| ||und|| | ||
| 040 | _cfsic | ||
| 041 | _afre | ||
| 082 | _a440 | ||
| 100 |
_aJacques tixier _eAuteur |
||
| 245 | 0 | _aTypologie de l'épipaléo-lithique du Maghreb / | |
| 245 | 0 | _cJacques tixier | |
| 942 | _cكتاب | ||
| 999 |
_c33975 _d33975 |
||